[Event "EST-ch U16"]
[Site "Tallinn"]
[Date "2016.05.19"]
[Round "2"]
[White "Keres, Marken"]
[Black "Pedoson, Georg Aleksander"]
[Result "0-1"]
[WhiteElo "1414"]
[BlackElo "1965"]
[PlyCount "64"]
[EventDate "2016.05.19"]
[EventType "swiss"]
[EventRounds "7"]
[EventCountry "EST"]
[SourceTitle "EXT 2018"]
[Source "ChessBase"]
[SourceDate "2017.10.13"]
[SourceVersion "1"]
[SourceVersionDate "2017.10.13"]
[SourceQuality "1"]

1. d4 Nf6 2. c4 g6 3. Nc3 d5 4. Bf4 Bg7 5. e3 c5 6. Nf3 Nc6 7. Be2 0-0 8. Qd2 cxd4 9. Nxd4 Nxd4 10. exd4 dxc4 11. 0-0 Be6 12. Be5 Rc8 13. h4 Qa5 14. Qf4 Rfd8 15. Rfd1 h5 16. Ne4 Nxe4 17. Bxg7 Kxg7 18. Qxe4 Qd5 19. Qe3 Bf5 20. Bf3 Qd7 21. d5 b5 22. Rac1 Qd6 23. Qxa7 Qf6 24. g3 Ra8 25. Qb7 Rxa2 26. Qxb5 Bd3 27. Bg2 Rxb2 28. Qc5 Ra8 29. Qe3 Raa2 30. Bf3 Rxf2 31. Qxf2 Rxf2 32. Kxf2 Be4 0-1